<?xml version="1.0" encoding="UTF-8"?>
<collection xmlns="http://www.loc.gov/MARC21/slim">
    <record>
        <controlfield tag="001">61517</controlfield>
        <controlfield tag="005">20200513005819.0</controlfield>
        <datafield tag="024" ind1="7" ind2=" ">
            <subfield code="2">doi</subfield>
            <subfield code="a">10.6036/MN8082</subfield>
        </datafield>
        <datafield tag="024" ind1="8" ind2=" ">
            <subfield code="2">sideral</subfield>
            <subfield code="a">98919</subfield>
        </datafield>
        <datafield tag="037" ind1=" " ind2=" ">
            <subfield code="a">ART-2016-98919</subfield>
        </datafield>
        <datafield tag="041" ind1=" " ind2=" ">
            <subfield code="a">spa</subfield>
        </datafield>
        <datafield tag="100" ind1=" " ind2=" ">
            <subfield code="0">(orcid)0000-0002-9958-9972</subfield>
            <subfield code="a">Vicente Oliva, Silvia</subfield>
        </datafield>
        <datafield tag="245" ind1=" " ind2=" ">
            <subfield code="a">La familiaridad en exportación en productos cárnicos innovadores</subfield>
        </datafield>
        <datafield tag="260" ind1=" " ind2=" ">
            <subfield code="c">2016</subfield>
        </datafield>
        <datafield tag="506" ind1="0" ind2=" ">
            <subfield code="a">Access copy available to the general public</subfield>
            <subfield code="f">Unrestricted</subfield>
        </datafield>
        <datafield tag="520" ind1="3" ind2=" ">
            <subfield code="a">Las tendencias sobre alimentación y, en concreto, sobre el consumo de productos cárnicos están cambiando en los países desarrollados. Los consumidores buscan productos que sean saludables y muchos de ellos, además, se preocupan por el tratamiento de los animales durante el proceso. Sin embargo, los productos novedosos y que se introducen en otros países pueden encontrar dificultades para situarse en la mente de los consumidores y en el mercado.
En este artículo se presenta el método propuesto para la introducción en el mercado internacional de un producto cárnico innovador, dentro del canal de distribución de restauración y hostelería, distinguiendo los factores alimentarios de los subjetivos así como los aspectos comerciales enfocados a la venta. El diseño de este proceso permite mejorar la aceptación del producto basándose en la familiaridad de este (conocimiento previo). Como resultado del estudio internacional realizado se plantean mejoras incluidas en el método propuesto de exportación entre las que se encuentran la adecuación del tipo de producto al canal (preparaciones y entrega) y aumento del conocimiento de los artículos alimentarios españoles.
Se ha comprobado que la asociación del producto con el país de origen es importante ya que la familiaridad facilita la futura introducción. Sin embargo, los propios atributos alimentarios como la textura, el sabor y la grasa tienen un papel fundamental en su aceptación internacional, siendo los aspectos comerciales los menos relevantes. Finalmente, la ausencia de familiaridad se comprueba como un distorsionador de la percepción del precio del producto.</subfield>
        </datafield>
        <datafield tag="536" ind1=" " ind2=" ">
            <subfield code="9">info:eu-repo/grantAgreement/ES/MICINN/IPT-2013-33-010000</subfield>
        </datafield>
        <datafield tag="540" ind1=" " ind2=" ">
            <subfield code="9">info:eu-repo/semantics/openAccess</subfield>
            <subfield code="a">by-nc</subfield>
            <subfield code="u">http://creativecommons.org/licenses/by-nc/3.0/es/</subfield>
        </datafield>
        <datafield tag="655" ind1=" " ind2="4">
            <subfield code="a">info:eu-repo/semantics/article</subfield>
            <subfield code="v">info:eu-repo/semantics/publishedVersion</subfield>
        </datafield>
        <datafield tag="700" ind1=" " ind2=" ">
            <subfield code="0">(orcid)0000-0003-0506-5922</subfield>
            <subfield code="a">Garrido Rubio, Ana Pilar</subfield>
            <subfield code="u">Universidad de Zaragoza</subfield>
        </datafield>
        <datafield tag="700" ind1=" " ind2=" ">
            <subfield code="0">(orcid)0000-0002-8781-2153</subfield>
            <subfield code="a">Urquizu Samper, Mª Pilar</subfield>
            <subfield code="u">Universidad de Zaragoza</subfield>
        </datafield>
        <datafield tag="710" ind1="2" ind2=" ">
            <subfield code="1">4011</subfield>
            <subfield code="2">095</subfield>
            <subfield code="a">Universidad de Zaragoza</subfield>
            <subfield code="b">Dpto. Direc.Mark.Inves.Mercad.</subfield>
            <subfield code="c">Área Comerci.Investig.Mercados</subfield>
        </datafield>
        <datafield tag="773" ind1=" " ind2=" ">
            <subfield code="g">4, 11 (2016), 107-112</subfield>
            <subfield code="p">Dyna manag.</subfield>
            <subfield code="t">Dyna-management</subfield>
            <subfield code="x">2340-6585</subfield>
        </datafield>
        <datafield tag="856" ind1="4" ind2=" ">
            <subfield code="s">401472</subfield>
            <subfield code="u">http://zaguan.unizar.es/record/61517/files/texto_completo.pdf</subfield>
            <subfield code="y">Versión publicada</subfield>
        </datafield>
        <datafield tag="856" ind1="4" ind2=" ">
            <subfield code="s">122199</subfield>
            <subfield code="u">http://zaguan.unizar.es/record/61517/files/texto_completo.jpg?subformat=icon</subfield>
            <subfield code="x">icon</subfield>
            <subfield code="y">Versión publicada</subfield>
        </datafield>
        <datafield tag="909" ind1="C" ind2="O">
            <subfield code="o">oai:zaguan.unizar.es:61517</subfield>
            <subfield code="p">articulos</subfield>
            <subfield code="p">driver</subfield>
        </datafield>
        <datafield tag="951" ind1=" " ind2=" ">
            <subfield code="a">2020-05-13-00:48:57</subfield>
        </datafield>
        <datafield tag="980" ind1=" " ind2=" ">
            <subfield code="a">ARTICLE</subfield>
        </datafield>
    </record>

    
</collection>